000 00951nam a22002771c 4500
001 EBC1696488
008 200626s2007 gw |||| 000u eng d
020 _a9781782974451
_9978-1-7829-7445-1
041 _aeng
245 0 0 _aFood for the gods :
_bnew light on the ancient incense trade
264 _aOxford :
_bOxbow,
_c2007
300 _a1 Online-Ressource (167 pages)
336 _aText
_btxt
_2rdacontent
337 _aComputermedien
_bc
_2rdamedia
338 _aOnline-Ressource
_bcr
_2rdacarrier
500 _aE-Book-ProQuest / Fernzugriff nach Registrierung möglich
650 0 _aWeihrauchhandel
655 0 _aFernzugriff
700 1 _aPeacock, David P. S
_eHerausgeberIn
700 1 _aPeacock, A. C. S.
_eHerausgeberIn
700 1 _aWilliams, David
_eHerausgeberIn
856 4 _uhttps://ebookcentral.proquest.com/lib/maxweberstiftung-ebooks/detail.action?docID=1696488
942 _cEB
040 _cRU-10907106
003 RU-10907106
999 _c54586
_d54586